<?xml version="1.0" encoding="UTF-8"?>
<record
    xmlns:xsi="http://www.w3.org/2001/XMLSchema-instance"
    xsi:schemaLocation="http://www.loc.gov/MARC21/slim http://www.loc.gov/standards/marcxml/schema/MARC21slim.xsd"
    xmlns="http://www.loc.gov/MARC21/slim">

  <leader>01346nam a2200241 a 4500</leader>
  <controlfield tag="001">000041012</controlfield>
  <controlfield tag="005">20201002034542.0</controlfield>
  <controlfield tag="008">130913s2005    sp a          000 0 spa d</controlfield>
  <datafield tag="040" ind1=" " ind2=" ">
    <subfield code="a">DO-SdBNP</subfield>
    <subfield code="b">spa</subfield>
    <subfield code="c">BNPHU</subfield>
  </datafield>
  <datafield tag="111" ind1="1" ind2=" ">
    <subfield code="a">Simposio Internacional de Arqueolog&#xED;a de M&#xE9;rida "Protohistoria del Mediterr&#xE1;neo Occidental"</subfield>
    <subfield code="n">(3&#xBA; :</subfield>
    <subfield code="d">2003</subfield>
    <subfield code="c">M&#xE9;rida)</subfield>
    <subfield code="9">67468</subfield>
  </datafield>
  <datafield tag="245" ind1="1" ind2="3">
    <subfield code="a">El per&#xED;odo orientalizante :</subfield>
    <subfield code="b">actas del III Simposio Internacional de Arqueolog&#xED;a de M&#xE9;rida, Protohistoria del Mediterr&#xE1;neo Occidental /</subfield>
    <subfield code="c">editores Sebasti&#xE1;n Celestino P&#xE9;rez, Javier Jim&#xE9;nez &#xC1;vila.</subfield>
  </datafield>
  <datafield tag="260" ind1=" " ind2=" ">
    <subfield code="a">M&#xE9;rida :</subfield>
    <subfield code="b">Consejo Superior de Investigaciones Cient&#xED;ficas,</subfield>
    <subfield code="c">2005.</subfield>
  </datafield>
  <datafield tag="300" ind1=" " ind2=" ">
    <subfield code="a">1440 p. :</subfield>
    <subfield code="b">il. ;</subfield>
    <subfield code="c">29 cm.</subfield>
  </datafield>
  <datafield tag="490" ind1="1" ind2=" ">
    <subfield code="a">Anejos de Archivo espa&#xF1;ol de arqueolog&#xED;a</subfield>
    <subfield code="v">35</subfield>
  </datafield>
  <datafield tag="505" ind1="0" ind2=" ">
    <subfield code="g">v. 2 :</subfield>
    <subfield code="t">Actas del III Simposio Internacional de Arqueolog&#xED;a de M&#xE9;rida, Protohistoria del Mediterr&#xE1;neo Occidental</subfield>
  </datafield>
  <datafield tag="500" ind1=" " ind2=" ">
    <subfield code="a">Incluye referencias bibliogr&#xE1;ficas y notas al pie de las p&#xE1;ginas</subfield>
  </datafield>
  <datafield tag="534" ind1=" " ind2=" ">
    <subfield code="a">Textos en espa&#xF1;ol, ingl&#xE9;s, alem&#xE1;n, italiano y portugu&#xE9;s</subfield>
  </datafield>
  <datafield tag="700" ind1="1" ind2=" ">
    <subfield code="a">Celestino P&#xE9;rez, Sebasti&#xE1;n</subfield>
    <subfield code="d">ed</subfield>
    <subfield code="9">67469</subfield>
  </datafield>
  <datafield tag="700" ind1="1" ind2=" ">
    <subfield code="a">Jim&#xE9;nez &#xC1;vila, F. Javier</subfield>
    <subfield code="e">ed.</subfield>
    <subfield code="9">67470</subfield>
  </datafield>
  <datafield tag="710" ind1="2" ind2=" ">
    <subfield code="a">Consejo Superior de Investigaciones Cient&#xED;ficas</subfield>
    <subfield code="9">4786</subfield>
  </datafield>
  <datafield tag="710" ind1="2" ind2=" ">
    <subfield code="a">Ministerio de Educaci&#xF3;n y Ciencia</subfield>
    <subfield code="9">67471</subfield>
  </datafield>
  <datafield tag="830" ind1=" " ind2="0">
    <subfield code="a">Anejos de Archivo espa&#xF1;ol de arqueolog&#xED;a</subfield>
    <subfield code="v">35</subfield>
    <subfield code="9">67472</subfield>
  </datafield>
  <datafield tag="952" ind1=" " ind2=" ">
    <subfield code="0">0</subfield>
    <subfield code="1">0</subfield>
    <subfield code="5">0</subfield>
    <subfield code="7">1</subfield>
    <subfield code="8">MO</subfield>
    <subfield code="a">GR</subfield>
    <subfield code="b">GR</subfield>
    <subfield code="c">CT</subfield>
    <subfield code="d">2013-09-13</subfield>
    <subfield code="i">LF1</subfield>
    <subfield code="l">0</subfield>
    <subfield code="o"> </subfield>
    <subfield code="p">41012-10</subfield>
    <subfield code="r">2020-06-25</subfield>
    <subfield code="w">2020-06-25</subfield>
    <subfield code="y">1</subfield>
    <subfield code="Z">No se presta</subfield>
  </datafield>
  <datafield tag="952" ind1=" " ind2=" ">
    <subfield code="0">0</subfield>
    <subfield code="1">0</subfield>
    <subfield code="5">0</subfield>
    <subfield code="7">1</subfield>
    <subfield code="8">MO</subfield>
    <subfield code="a">GR</subfield>
    <subfield code="b">GR</subfield>
    <subfield code="c">CT</subfield>
    <subfield code="d">2013-10-17</subfield>
    <subfield code="i">LF1</subfield>
    <subfield code="l">0</subfield>
    <subfield code="o"> </subfield>
    <subfield code="p">41012-20</subfield>
    <subfield code="r">2020-06-25</subfield>
    <subfield code="w">2020-06-25</subfield>
    <subfield code="y">1</subfield>
    <subfield code="Z">No se presta</subfield>
  </datafield>
  <datafield tag="999" ind1=" " ind2=" ">
    <subfield code="c">40502</subfield>
    <subfield code="d">40502</subfield>
  </datafield>
</record>
